Cover albums rap fr - Statistiques

Statistiques générales
  • Ce quiz a été pris 142 fois
  • Le résultat moyen est 3 sur 16
Statistiques - réponses
Par images Hint Réponse % Correct
PNL Dans la légende
89%
Booba Temps mort
83%
Jul Rien100rien
42%
Dinos Imany
32%
Houdi LA FOLIE DES GRANDEURS
20%
Norsacce Berlusconi Marathon
11%
DA Uzi Le chemin des braves
10%
Békar Boréal
7%
Georgio (réédition de Sacré) Ciel enflammé
6%
Alonzo Avenue de Saint Antoine
5%
Rémy Après la pluie
2%
Dooz Kawa Bohemian Rap Story
2%
L'algérino Effet miroir
2%
Princess Aniès Conte de faits
1%
Busta Flex TCLV
1%
Am la scampia Triste fête
1%
Aucun quiz correspondant
Distribution des résultats
% des personnes avec chaque résultat
Percentile par nombre de réponses
Votre historique - résultats
Vous n’avez pas pris ce quiz